[Event "Mittelfrank Regionalliga Nord-Ost 2122"]
[Site "Mittelfranken"]
[Date "2022.04.03"]
[Round "7.7"]
[White "Schoen, Rudolf"]
[Black "Grafl, Christine"]
[Result "1/2-1/2"]
[WhiteElo "1864"]
[BlackElo "1786"]
[PlyCount "118"]
[EventDate "2021.10.24"]
[EventType "team-tourn"]
[EventRounds "9"]
[EventCountry "GER"]
[SourceTitle "EXT 2024"]
[Source "ChessBase"]
[SourceDate "2023.10.10"]
[SourceVersion "1"]
[SourceVersionDate "2023.10.10"]
[SourceQuality "1"]
[WhiteTeam "Windischeschenbach"]
[BlackTeam "Kelheim II"]
[WhiteTeamCountry "GER"]
[BlackTeamCountry "GER"]

1. e4 d6 2. d4 g6 3. Nc3 Bg7 4. Be3 c5 5. Nge2 cxd4 6. Nxd4 Bd7 7. Be2 Nf6 8. Qd2 Nc6 9. 0-0-0 a6 10. f4 Qc7 11. Bf3 Bg4 12. h3 Bxf3 13. Nxf3 Nd7 14. Nd5 Qd8 15. f5 Rc8 16. Kb1 Nc5 17. fxg6 hxg6 18. Ng5 Rh5 19. Bxc5 dxc5 20. Qf4 Ne5 21. Nf6+ Bxf6 22. Rxd8+ Rxd8 23. Nf3 Nc4 24. c3 b5 25. g4 g5 26. Qc7 Rh6 27. e5 Bg7 28. Nxg5 Nxe5 29. Re1 Rc6 30. Qa5 Nc4 31. Qxd8+ Kxd8 32. Nxf7+ Ke8 33. Ng5 Rg6 34. Ne6 Nd2+ 35. Kc2 Nf3 36. Nxg7+ Rxg7 37. Re3 Nh4 38. Re6 Rg6 39. Re5 c4 40. a4 Rb6 41. axb5 axb5 42. b3 Kd7 43. Rc5 cxb3+ 44. Kxb3 Kd6 45. Rh5 Ng6 46. Rh6 Ke5 47. h4 Rd6 48. h5 Nf4 49. Rh7 Kf6 50. Rh8 Kg7 51. Rb8 Rd5 52. Rb7 Kf6 53. Rb8 Rg5 54. Rf8+ Ke5 55. h6 Rxg4 56. h7 Ng6 57. Rg8 Rh4 58. Rxg6 Rxh7 59. Rg5+ Kd6 1/2-1/2